| 000 | 00657nam a22002173a 4500 | ||
|---|---|---|---|
| 005 | 20251002063909.0 | ||
| 008 | 011016s1996 mx r 000 0 spa d | ||
| 020 | _a9687776013 | ||
| 035 | _aUPN01000114242 | ||
| 049 | _aCE | ||
| 050 | 4 |
_aZ253.5 _bC3.98 1996 |
|
| 100 | 1 | _aCarter, Rob | |
| 245 | 1 | 0 |
_aDiseñando con tipografía 2 / _cRob Carter ; tr. Eurolink traductors. |
| 260 |
_aMéxico : _bInterbooks, _c[1996?]. |
||
| 300 |
_a159 p. : _bil. col. |
||
| 534 |
_pTraducción de: _tWorking with computer type 2 |
||
| 650 | 4 |
_aCOMPOSICION TIPOGRAFICA AUTOMATIZADA _99819 |
|
| 650 | 2 |
_aDiseño gráfico _95995 |
|
| 650 | 2 |
_aColor _98957 |
|
| 905 | _aLibro | ||
| 999 |
_c88150 _d88150 |
||